Survey uncovers value of communities (Record no. 117028)

MARC details
000 -LEADER
fixed length control field 01073cam a2200205 4500
001 - CONTROL NUMBER
control field WB4007-17
008 - FIXED-LENGTH DATA ELEMENTS--GENERAL INFORMATION
fixed length control field 040217n2004 000 0 eng u
035 ## - SYSTEM CONTROL NUMBER
System control number (Sirsi) u125167
245 ## - TITLE STATEMENT
Title Survey uncovers value of communities
260 ## - PUBLICATION, DISTRIBUTION, ETC.
Date of publication, distribution, etc. 2004
490 ## - SERIES STATEMENT
Series statement National Housing Federation Press Release
Volume/sequential designation 5 February 2004 (3)
520 ## - SUMMARY, ETC.
Summary, etc. Research commissioned by the National Housing Federation found that people in the UK believe that communities and their facilities are as important important in a child's upbringing as home life itself. The survey also revealed what people thought made a good neighbourhood. Among the aspects considered were open spaces and access to towns and shops. The "Neighbourhoods survey" can be viewed at http://www.housing.org.uk/uploads/documents/10/pol l_data.pdf. NHF press release http://www.housing.org.uk/uploads/documents/2/ICM_ national_poll_release.htm
590 ## - LOCAL NOTE (RLIN)
Local note WB
590 ## - LOCAL NOTE (RLIN)
Local note WB
650 ## - SUBJECT ADDED ENTRY--TOPICAL TERM
Topical term or geographic name entry element LOCAL COMMUNITIES
650 ## - SUBJECT ADDED ENTRY--TOPICAL TERM
Topical term or geographic name entry element COMMUNITY FACILITIES
650 ## - SUBJECT ADDED ENTRY--TOPICAL TERM
Topical term or geographic name entry element OPEN SPACES
690 ## - LOCAL SUBJECT ADDED ENTRY--TOPICAL TERM (OCLC, RLIN)
Topical term or geographic name as entry element REGENERATION
942 ## - ADDED ENTRY ELEMENTS (KOHA)
Suppress in OPAC 0
Holdings
Withdrawn status Lost status Source of classification or shelving scheme Damaged status Not for loan Home library Current library Shelving location Date acquired Total Checkouts Full call number Barcode Date last seen Copy number Price effective from Koha item type
    Dewey Decimal Classification     London London News article 17/02/2004   WB4007-17 125167-1001 06/08/2019 1 06/08/2019 News article